Biblioteca y Centro de Documentación

Memoria de actividades 2007 (Registro nro. 21843)

Detalles MARC
000 -CABECERA
Longitud fija campo de control 01154nam a2200313 c 4500
001 - NÚMERO DE CONTROL
Número de control 21843
003 - IDENTIFICADOR DE NÚMERO DE CONTROL
Identificador del número de control ES-MaCES
005 - FECHA Y HORA DE LA ÚLTIMA TRANSACCIÓN
Fecha y hora de la última transacción 20141221122740.0
008 - CAMPO FIJO DE DESCRIPCIÓN FIJA--INFORMACIÓN GENERAL
Códigos de información de longitud fija   090204s2008 sp o t o000 | spa d
017 ## - NÚMERO DE REGISTRO DE DERECHOS DE AUTOR Y DEPÓSITO LEGAL
Número de copyright o de depósito legal VI 175-2008
Agencia que asigna el número DL
035 ## - NÚMERO DE CONTROL DEL SISTEMA
Número de control del sistema CES20090001326m
040 ## - FUENTE DE CATALOGACIÓN
Centro catalogador de origen ES-MaCES
Lengua de catalogación spa
Centro transcriptor ES-MaCES
110 2# - ENCABEZAMIENTO PRINCIPAL--NOMBRE CORPORATIVO
Nombre de entidad corporativa o nombre de jurisdicción como elemento inicial Consejo Económico y Social de La Rioja
9 (RLIN) 2443
245 10 - MENCIÓN DE TÍTULO
Título Memoria de actividades 2007
Mención de responsabilidad, etc. Consejo Económico y Social de la Rioja
260 ## - PUBLICACIÓN, DISTRIBUCIÓN, ETC (PIE DE IMPRENTA)
Lugar de publicación, distribución, etc. Logroño
Nombre del editor, distribuidor, etc. CES
Fecha de publicación, distribución, etc. [2008]
300 ## - DESCRIPCIÓN FÍSICA
Extensión 55 p.
Otras características físicas fot. col.
Dimensiones 24 cm
Material anejo 1 tarjeta CD-ROM
500 ## - NOTA GENERAL
Nota general Publ. simultáneamente en tarjeta CD-ROM
541 ## - NOTA DE LA FUENTE INMEDIANTE DE ADQUISICIÓN
Forma de adquisición Gratuito
610 24 - ASIENTO SECUNDARIO DE MATERIA--NOMBRE CORPORATIVO
Nombre de entidad corporativa o nombre de jurisdicción como elemento inicial Consejo Económico y Social de La Rioja
9 (RLIN) 2443
650 #4 - ASIENTO SECUNDARIO DE MATERIA--TÉRMINO DE MATERIA
Término de materia o nombre geográfico como elemento inicial informe de actividades
9 (RLIN) 28984
650 #4 - ASIENTO SECUNDARIO DE MATERIA--TÉRMINO DE MATERIA
Término de materia o nombre geográfico como elemento inicial memoria anual
9 (RLIN) 28977
650 #4 - ASIENTO SECUNDARIO DE MATERIA--TÉRMINO DE MATERIA
Término de materia o nombre geográfico como elemento inicial 2007
9 (RLIN) 31880
653 10 - TÉRMINO DE INDEXACIÓN--NO CONTROLADO
Término no controlado Administración-Instituciones públicas
787 0# - ENTRADA DE OTRAS ESPECIFICACIONES
Título Memoria de actividades 2008 / Consejo Económico y Social de la Rioja
Número de control del registro relacionado (ES-MaCES)22840
787 0# - ENTRADA DE OTRAS ESPECIFICACIONES
Título Memoria de actividades 2005 / Consejo Económico y Social de la Rioja
Número de control del registro relacionado (ES-MaCES)19181
902 ## - CES. TIPO DE DOCUMENTO
Tipodoc (006$c Sirtex) LIB Libro
942 ## - ELEMENTOS KOHA
Fuente de clasificaión o esquema Clasificación propia del CES
Koha [por defecto] tipo de item Monografías
Parte de clasificación 6.3.
Existencias
Número de registro Signatura completa Tipo de item de Koha
073251 CES RIOJA-13 Monografías
073278 SR-CD-815 Monografías
© CES, Consejo Económico y Social de España 2021